Statistics for Biggest Spanish-Speaking Cities

Click here to take the quiz!

General Stats

  • This quiz has been taken 52,042 times
    (17,227 since last reset)
  • The average score is 13 of 22

Answer Stats

PopulationCity% Correct
24.5 mMexico City
98%
6.70 mMadrid
98%
4.88 mBarcelona
96%
16.6 mBuenos Aires
92%
9.80 mBogotá
87%
11.1 mLima
86%
7.80 mSantiago
86%
3.78 mCaracas
79%
2.78 mQuito
67%
2.23 mHavana
66%
5.50 mGuadalajara
61%
4.10 mMedellín
55%
3.20 mGuatemala City
54%
2.38 mAsunción
49%
2.38 mSan José
47%
4.00 mSanto Domingo
47%
5.60 mMonterrey
46%
2.90 mCali
37%
3.20 mGuayaquil
24%
4.03 mPuebla
18%
2.68 mMaracaibo
16%
2.55 mToluca
6%

Score Distribution

Percentile by Number Answered

Percent of People with Each Score

Your Score History

You have not taken this quiz since the last reset